Highest Grossing Movies (2013) Quiz Stats

Quiz Updated Dec 27, 2015

Challenge
Share
Tweet
Score 0/30 Timer 08:00
9 Plays Today
% Correct
Frozen
98.6%
Iron Man 3
95.1%
Despicable Me 2
93.5%
Monsters University
91.2%
The Hunger Games: Catching Fire
90.4%
Gravity
89.6%
The Wolverine
88.3%
Thor: The Dark World
87%
The Great Gatsby
85.7%
Anchorman 2: The Legend Continues
85.7%
Fast & Furious 6
83.7%
Man of Steel
82.7%
The Hangover Part III
82.7%
Star Trek Into Darkness
82.3%
The Hobbit: The Desolation of Smaug
82.3%
% Correct
World War Z
78.5%
Grown Ups 2
74.7%
The Wolf of Wall Street
73.3%
American Hustle
67.9%
We're the Millers
66.8%
The Croods
65.1%
Cloudy with a Chance of Meatballs 2
64.6%
Now You See Me
60%
Lee Daniels' The Butler
58.4%
Identity Thief
56.6%
The Heat
56.3%
Oz The Great and Powerful
53%
G.I. Joe: Retaliation
42.3%
Lone Survivor
38.5%
The Conjuring
24.8%

You're not logged in!

Compare scores with friends on all Sporcle quizzes.
Sign Up with Email
OR
Log In

You Might Also Like...

Show Comments

Extras

Top Quizzes Today


Score Distribution

Your Account Isn't Verified!

In order to create a playlist on Sporcle, you need to verify the email address you used during registration. Go to your Sporcle Settings to finish the process.